QUEST Central Library Banner

Seerat-ul-nabi / (Record no. 13297)

MARC details
000 -LEADER
fixed length control field 00524nam a2200157 a 4500
020 ## - INTERNATIONAL STANDARD BOOK NUMBER
ISBN 9691987422 (paperback)
020 ## - INTERNATIONAL STANDARD BOOK NUMBER
ISBN 9789691987425 (paperback)
100 1# - MAIN ENTRY--AUTHOR NAME
Personal name Noumani, Allama Shibli.
245 10 - TITLE STATEMENT
Title Seerat-ul-nabi /
300 ## - PHYSICAL DESCRIPTION
Number of Pages 1 v. (unpaged)
520 ## - SUMMARY, ETC.
Summary, etc Seerat-ul-Nabi by Allama Shibli Noumani.
856 40 - ELECTRONIC LOCATION AND ACCESS
Uniform Resource Identifier http://www.amazon.com/exec/obidos/ASIN/9691987422/chopaconline-20
Holdings
Withdrawn status Lost status Collection code Home library Current library Date acquired Cost, normal purchase price Full call number Accession Number Koha item type
      Central Library, QUEST, Nawabshah Central Library, QUEST, Nawabshah 23/04/2015 330.00 297.923NOU 9541 Books
    Reference Reference Section Reference Section 23/04/2015 330.00 297.923NOU (Shelf - 20B) 9538 Books
    Reference Reference Section Reference Section 23/04/2015 330.00 297.923NOU (Shelf - 20B) 9543 Books

Copyright © 2018,The QUEST, Nawabshah, Shaheed Benazirabad. All rights reserved
Mr. G. Farooq Channar (Librarian) QUEST, Nawabshah, Sindh, Pakistan 67480.
 Ph#: |   0244-9370381-4 Ext. 2308   Email| lib@quest.edu.pk   Web|  http://www.quest.edu.pk